Normal view
MARC view
Entry Personal Name
001 - CONTROL NUMBER
- control field: 12426
003 - CONTROL NUMBER IDENTIFIER
- control field: ARRUPE
005 - DATE AND TIME OF LATEST TRANSACTION
- control field: 20141105175152.0
008 - FIXED-LENGTH DATA ELEMENTS
- fixed length control field: 141105|| aca||aabn | a|a d
040 ## - CATALOGING SOURCE
- Original cataloging agency: ARRUPE
- Transcribing agency: ARRUPE
100 ## - HEADING--PERSONAL NAME
- Personal name: Moi, Daniel Arap,
- Dates associated with a name: 1924-
670 ## - SOURCE DATA FOUND
- Source citation: Work cat.: (ARRUPE)0: Lynch, Gabrielle. 12425, I say to you :, 2011.